000 01087njm a22002537a 4500
005 20100910102615.0
007 sd ammalaaahaa
008 100830t xxu||||| |||| 00| 0 eng d
028 _a45-AE.1285
_bAngel Records
035 _aGR-1920
040 _aSED
_cSED
100 _aMohd Rafi
_919323
245 _aSajan /
_csung by Mohd Rafi; Music by Laxmikant Pyarelal ; Lyric by Anand Bakshi
_h[sound recording]:
246 _aसाजन /
260 _aDum Dum, India:
_bAngel Records
_c1969
300 _a1 sound disc [GramphoneRecording]:
_banalog,45 rpm
_c7 in.(SP)
_fGramphones Records
500 _aBrief Record
505 _aSide 1 साजन साजन पुकारूँ (Saajan saajan pukaroon) (Mohd Rafi) Side 2 बांसुरी टिहरी नन्दलाल (Bansuri tihari nandlal) (Asha Bhosle).
650 _xExcerpts
_zIndia
_917446
_aMotion picture music
700 _aPyarela,Laxmikant
_919399
700 _aBakshi,Anand
_919400
942 _2ddc
_cGR
999 _c44960
_d44960